| 000 | 01373nam a2200349 c 4500 | ||
|---|---|---|---|
| 003 | BLK | ||
| 005 | 20180828165149.0 | ||
| 008 | 180409b bul|||||r ||||||| ||bul|| | ||
| 010 | _aKNG00134648000 | ||
| 020 |
_a978-954-529-797-7 _bиздат.: Колибри |
||
| 040 | _aBLK | ||
| 041 |
_aBUL _cBUL |
||
| 072 | 7 |
_2bullib _aН83 _xЧужда художествена литература Н |
|
| 080 |
_aСловашка литература _b821.162.4 _x-31 _z821.162.4-31 |
||
| 100 | 1 |
_aМаткин, Максим Е. _eпърви автор _994287 |
|
| 700 | 1 |
_aНиколова, Полина _eпрев. от словаш. _9321450 |
|
| 139 |
_aМаткин, Максим Е. _bМ 39 |
||
| 245 | 1 | 0 |
_aСреднощен дневник _bРоман _cМаксим Е. Маткин; прев. от словаш. Полина Николова. |
| 257 | _aSLK | ||
| 260 |
_аСофия _bКолибри _c2010 _fСофия : Инвестпрес |
||
| 300 |
_a176 с. _c20 см |
||
| 380 | _aX | ||
| 490 | 1 | _aСъвременна европейска проза | |
| 500 | _aОриг. загл. Polnocny dennik / Maxim E. Matkin. | ||
| 653 | _aромани | ||
| 659 | _aН | ||
| 852 | _aЦб 256560 | ||
| 856 | 4 |
_qpdf _u |
|
| 856 | 4 |
_qpdf _u |
|
| 942 |
_cKNG _n0 _01 |
||
| 944 |
_aCR _c09.10.2012 _lф / _kМилена_Ачева |
||
| 944 |
_aED _c21.06.2017 _lф / _kЛюдмила_Стоянова |
||
| 999 |
_c128916 _d128916 |
||